| 000 | 00823nam a2200205Ia 4500 | ||
|---|---|---|---|
| 003 | OSt | ||
| 005 | 20250714122901.0 | ||
| 008 | 210210b2003 xxu||||| |||| 00| 0 eng d | ||
| 040 | _cAL | ||
| 041 | _aKannada | ||
| 082 | _aK894.8 SAMA | ||
| 100 |
_aSAMAGRA DASA SAHITYA. _9151148 _dಸಮಗ್ರ ದಾಸ ಸಾಹಿತ್ಯ |
||
| 245 |
_aSamagra dasa sahitya: samputa; 22, Shri Prasanna Shrinivasadasara kirtanegalu. _bಸಮಗ್ರ ದಾಸ ಸಾಹಿತ್ಯ : ಸಂಪುಟ ೨೨, ಶ್ರೀ ಪ್ರಸನ್ನ ಶ್ರೀನಿವಾಸದಾಸರ ಕೀರ್ತನೆಗಳು |
||
| 260 |
_aBengaluru _bKannada mattu Samskrati Nirdeshanalalya _c2003 |
||
| 300 | _a69,651 | ||
| 650 |
_aDasasahitya _9151149 |
||
| 690 |
_aKannada Miscellaneous _9151150 |
||
| 906 | _a059397 | ||
| 942 |
_2ddc _cBK |
||
| 999 |
_c106325 _d106325 |
||